Logo BPK

Biblioteka

Politechniki Koszalińskiej

American education : (Rekord nr 47386)

Szczegóły MARC
000 -ETYKIETA REKORDU
podpole kontrolne o stałej długości 00720nam a2200229 i 4500
001 - NUMER KONTROLNY REKORDU
pole kontrolne bgj
020 ## - MIĘDZYNARODOWY ZNORMALIZOWANY NUMER KSIĄŻKI - ISBN
ISBN 080130251X
040 ## - ŹRÓDŁO KATALOGOWANIA
Instytucja, która utworzyła rekord BPK
041 0# - KOD JĘZYKA
Kod języka tekstu eng
920 ## - Międzynarodowy znormalizowany numer książki – ISBN
ISBN 0-8013-0251-X
008 - POLE O STAŁEJ DŁUGOŚCI - DANE KONTROLNE
podpole kontrolne o stałej długości s uk f |000 0 eng
100 1# - NAZWA OSOBOWA
Nazwa osobowa SPRING, Joel
245 00 - TYTUŁ/ODPOWIEDZIALNOŚĆ
Tytuł American education :
Ciąg dalszy tytułu an introduction to social and political aspects /
Pozostałe elementy strefy tytułu i oznaczenia odpowiedzialności Joel Spring.
250 ## - STREFA WYDANIA
Oznaczenie wydania 4th ed.
260 ## - STREFA ADRESU WYDAWNICZEGO
Miejsce wydania New York ;
-- London :
Nazwa wydawcy/dystrybutora Longman,
Data publikacji, dystrybucji/powstania dokumentu cop. 1989.
300 ## - STREFA OPISU FIZYCZNEGO
Objętość IX, 303, [1] pp ;
Rozmiary 23 cm.
505 ## - SFORMALIZOWANA UWAGA DOTYCZĄCA ZAWARTOŚCI
Pełny tekst uwagi Includes bibliographies and index.
650 #9 - HASŁO PRZEDMIOTOWE W FORMIE NAZWY OGÓLNEJ LUB JEDNOSTKOWEJ
Nazwa ogólna lub geograficzna Education
-- United States
Określnik ogólny Social aspects
650 #9 - HASŁO PRZEDMIOTOWE W FORMIE NAZWY OGÓLNEJ LUB JEDNOSTKOWEJ
Nazwa ogólna lub geograficzna Education
-- United States
Określnik ogólny Political aspects
650 #9 - HASŁO PRZEDMIOTOWE W FORMIE NAZWY OGÓLNEJ LUB JEDNOSTKOWEJ
Nazwa ogólna lub geograficzna Educational equilization
-- United States
856 ## - LOKALIZACJA I DOSTĘP DO ELEKTRONICZNYCH DOKUMENTÓW ZDALNYCH
Link (URL) http://koha.tu.koszalin.pl/cgi-bin/koha/opac-detail.pl?biblionumber=47386
Tekst linku Katalog online BPK
942 ## - DODATKOWE ELEMENTY (KOHA)
Typ dokumentu Książka
Egzemplarze
Wycofany Status egzemplarza Uszkodzony Dostępność Lokalizacja stała Lokalizacja bieżąca Miejsce przechowywania Sygnatura Kod kreskowy Typ dokumentu
      Tylko na miejscu Biblioteka Politechniki Koszalińskiej Biblioteka Politechniki Koszalińskiej Czytelnia Wydziałowa ul. Kwiatkowskiego 6e KA 3549 09011748 Książka
© 2023 Biblioteka Politechniki Koszalińskiej :: KOHA